Unit operations of chemical engineering (Record no. 3799)

000 -LEADER
fixed length control field 00652nam a2200241 a 4500
001 - CONTROL NUMBER
control field 3799
003 - CONTROL NUMBER IDENTIFIER
control field BD-DhUET
008 - FIXED-LENGTH DATA ELEMENTS--GENERAL INFORMATION
fixed length control field 850523s1985 nyua b 001 0 eng
020 ## - INTERNATIONAL STANDARD BOOK NUMBER
International Standard Book Number 0070448280
040 ## - CATALOGING SOURCE
Modifying agency BD-DhUET
Transcribing agency 0
082 0# - DEWEY DECIMAL CLASSIFICATION NUMBER
Classification number 660.2842
Item number MCC/1985
100 1# - MAIN ENTRY--PERSONAL NAME
Personal name McCabe, Warren L.
245 10 - TITLE STATEMENT
Title Unit operations of chemical engineering
250 ## - EDITION STATEMENT
Edition statement 4th ed.
260 ## - PUBLICATION, DISTRIBUTION, ETC. (IMPRINT)
Place of publication, distribution, etc. New York
Name of publisher, distributor, etc. McGraw-Hill
Date of publication, distribution, etc. 1985
300 ## - PHYSICAL DESCRIPTION
Extent x, 960 p.
Other physical details ill.
Dimensions 25 cm.
490 1# - SERIES STATEMENT
Series statement McGraw-Hill chemical engineering series
504 ## - BIBLIOGRAPHY, ETC. NOTE
Bibliography, etc Includes bibliographies
650 #0 - SUBJECT ADDED ENTRY--TOPICAL TERM
Topical term or geographic name as entry element Chemical Processer
700 1# - ADDED ENTRY--PERSONAL NAME
Personal name Smith, Julian C.
700 1# - ADDED ENTRY--PERSONAL NAME
Personal name Harriott, Peter.
942 ## - ADDED ENTRY ELEMENTS (KOHA)
Koha item type General Book
Holdings
Sublocation or collection (holding branch) Damaged status Piece designation (barcode) Not for loan Koha item type Price effective from Copy number Source of classification or shelving scheme Koha full call number Shelving location Lost status Koha normalized classification for sorting Koha date last borrowed Withdrawn status Date acquired Koha date last seen Location (home branch) Koha issues (times borrowed)
Central Library, BUET 72739 General Book2014-11-051 660.2842/MCC/1985Circulation section 660_000000000000000_2842MCC198  2014-11-052016-10-23Central Library, BUET 
Central Library, BUET 77549 General Book2014-11-052 660.2842/MCC/1985Circulation section 660_000000000000000_2842MCC198  2014-11-052014-11-05Central Library, BUET 
Central Library, BUET 77550 General Book2014-11-053 660.2842/MCC/1985Circulation section 660_000000000000000_2842MCC1982018-11-14 2014-11-052018-12-04Central Library, BUET2
Central Library, BUET 68731 Reading Item2015-07-014 660.2842/MCC/1985Reading section 660_284200000000000_MCC_1985  2015-07-012015-07-01Central Library, BUET 
Central Library, BUET 73910 Rental Item2024-11-25৪/ক-১ 660.2842 MCC/1985Rental section 660_284200000000000_MCC_1985  1989-06-272024-11-25Central Library, BUET 
Central Library, BUET 73911 Rental Item2024-11-25৪/ক-২ 660.2842 MCC/1985Rental section 660_284200000000000_MCC_1985  1989-06-272024-11-25Central Library, BUET 
Central Library, BUET 73912 Rental Item2024-11-25৪/ক-৩ 660.2842 MCC/1985Rental section 660_284200000000000_MCC_1985  1989-06-272024-11-25Central Library, BUET 
Central Library, BUET 73913 Rental Item2024-11-25৪/ক-৪ 660.2842 MCC/1985Rental section 660_284200000000000_MCC_1985  1989-06-272024-11-25Central Library, BUET 
Central Library, BUET 73914 Rental Item2024-11-25৪/ক-৫ 660.2842 MCC/1985Rental section 660_284200000000000_MCC_1985  1989-06-272024-11-25Central Library, BUET 
Central Library, BUET 73915 Rental Item2024-11-25৪/ক-৬ 660.2842 MCC/1985Rental section 660_284200000000000_MCC_1985  1989-06-272024-11-25Central Library, BUET 
Central Library, BUET 73916 Rental Item2024-11-25৪/ক-৭ 660.2842 MCC/1985Rental section 660_284200000000000_MCC_1985  1989-06-272024-11-25Central Library, BUET 
Central Library, BUET 73917 Rental Item2024-11-25৪/ক-৮ 660.2842 MCC/1985Rental section 660_284200000000000_MCC_1985  1989-06-272024-11-25Central Library, BUET 
Central Library, BUET 73918 Rental Item2024-11-25৪/ক-৯ 660.2842 MCC/1985Rental section 660_284200000000000_MCC_1985  1989-06-272024-11-25Central Library, BUET 
Central Library, BUET 73919 Rental Item2024-11-25৪/ক-১০ 660.2842 MCC/1985Rental section 660_284200000000000_MCC_1985  1989-06-272024-11-25Central Library, BUET 
Central Library, BUET 73934 Rental Item2024-11-25৪/ক-২৫ 660.2842 MCC/1985Rental section 660_284200000000000_MCC_1985  1989-06-272024-11-25Central Library, BUET 
Central Library, BUET 73935 Rental Item2024-11-25৪/ক-২৬ 660.2842 MCC/1985Rental section 660_284200000000000_MCC_1985  1989-06-272024-11-25Central Library, BUET